[Event "SportAccord Blitz Women 2012"]
[Site "Beijing CHN"]
[Date "2012.12.17"]
[Round "9.5"]
[White "Zatonskih, Anna"]
[Black "Koneru, Humpy"]
[Result "0-1"]
[WhiteTitle "IM"]
[BlackTitle "GM"]
[WhiteElo "2489"]
[BlackElo "2610"]
[WhiteFideId "14101572"]
[BlackFideId "5008123"]
[EventDate "2012.12.16"]

1. e4 e5 2. Nf3 Nc6 3. Nc3 Nf6 4. d4 exd4 5. Nxd4 Bb4 6. Nxc6 bxc6 7. Bd3 O-O 8.
O-O d5 9. exd5 cxd5 10. h3 c6 11. Qf3 Re8 12. Bf4 Bd6 13. Ne2 h6 14. b3 Bxf4 15.
Nxf4 Qd6 16. c4 Bb7 17. Rfd1 d4 18. Re1 Rab8 19. Nh5 Nxh5 20. Qxh5 c5 21. Qf5 g6
22. Qg4 Kg7 23. h4 h5 24. Qg3 Qxg3 25. fxg3 Re6 26. Rxe6 fxe6 27. Re1 Kf6 28.
Kf2 e5 29. g4 hxg4 30. Kg3 Re8 31. Be4 Bxe4 32. Rxe4 Kf5 33. Rxg4 e4 34. Rg5+
Kf6 35. Kf2 e3+ 36. Ke1 Re5 37. Rxe5 Kxe5 38. g4 a5 39. Ke2 Ke4 40. h5 gxh5 41.
gxh5 d3+ 42. Ke1 Kf5 0-1

[Event "SportAccord Blitz Women 2012"]
[Site "Beijing CHN"]
[Date "2012.12.17"]
[Round "9.8"]
[White "Danielian, Elina"]
[Black "Cmilyte, Viktorija"]
[Result "0-1"]
[WhiteTitle "GM"]
[BlackTitle "GM"]
[WhiteElo "2476"]
[BlackElo "2524"]
[WhiteFideId "13300210"]
[BlackFideId "12801259"]
[EventDate "2012.12.16"]

1. Nf3 g6 2. d4 f5 3. g3 Nf6 4. Bg2 Bg7 5. O-O O-O 6. b3 d6 7. Bb2 c6 8. c4 a5
9. a3 Qc7 10. Nbd2 Re8 11. Qc2 e5 12. c5 e4 13. cxd6 Qxd6 14. Ne5 Be6 15. Ndc4
Qc7 16. b4 axb4 17. axb4 Na6 18. Ba3 Nd5 19. Qd2 Bf8 20. Rfb1 Red8 21. b5 cxb5
22. Rxb5 Bxa3 23. Rxa3 Ne7 24. Qb2 Rab8 25. Rc3 Rxd4 26. Ne3 Qd8 27. h4 b6 28.
Ra3 Nc5 29. Ra7 Qd6 30. Rxe7 Qxe5 31. Rxe6 Qg7 32. Rexb6 Rc8 33. Rb8 Rdd8 34.
Qxg7+ Kxg7 35. Rxc8 Rxc8 36. Rb1 Ne6 37. Nd5 Nd4 38. e3 Ne6 39. Bf1 Rc2 40. Nf4
Nc5 41. Ra1 Nb3 42. Ra7+ Kf6 43. Ra6+ Kg7 44. Rb6 Nd2 45. Rb7+ Kf6 46. Rd7 Nf3+
47. Kg2 Ne1+ 48. Kg1 Nf3+ 49. Kh1 Rxf2 50. Bg2 Ra2 51. Bxf3 exf3 52. Rd1 Ra3 53.
Re1 Ke5 54. Kg1 Ra2 55. Rf1 Ke4 56. Re1 f2+ 57. Kf1 fxe1=Q+ 0-1

[Event "SportAccord Blitz Women 2012"]
[Site "Beijing CHN"]
[Date "2012.12.17"]
[Round "10.2"]
[White "Muzychuk, Anna"]
[Black "Danielian, Elina"]
[Result "1-0"]
[WhiteTitle "GM"]
[BlackTitle "GM"]
[WhiteElo "2586"]
[BlackElo "2476"]
[WhiteFideId "14111330"]
[BlackFideId "13300210"]
[EventDate "2012.12.16"]

1. f4 d5 2. Nf3 Nf6 3. g3 g6 4. Bg2 Bg7 5. O-O O-O 6. d3 c5 7. Qe1 Nc6 8. e4
dxe4 9. dxe4 Nd4 10. Nxd4 Qxd4+ 11. Kh1 e5 12. Nc3 Qd8 13. f5 b6 14. Bg5 h6 15.
Rd1 Qe8 16. Bxf6 Bxf6 17. Nd5 Bd8 18. Qe3 g5 19. f6 Kh7 20. Qe2 Be6 21. Bf3 Qa4
22. Bg4 Qxa2 23. Bxe6 fxe6 24. Nc3 Qxb2 25. Rd7+ Kh8 26. Qh5 1-0

[Event "SportAccord Blitz Women 2012"]
[Site "Beijing CHN"]
[Date "2012.12.17"]
[Round "10.4"]
[White "Koneru, Humpy"]
[Black "Hou, Yifan"]
[Result "0-1"]
[WhiteTitle "GM"]
[BlackTitle "GM"]
[WhiteElo "2610"]
[BlackElo "2606"]
[WhiteFideId "5008123"]
[BlackFideId "8602980"]
[EventDate "2012.12.16"]

1. d4 Nf6 2. c4 c5 3. d5 e6 4. Nc3 exd5 5. cxd5 d6 6. Nf3 g6 7. Bf4 a6 8. a4 Bg7
9. e3 O-O 10. h3 Ne8 11. Be2 Nd7 12. O-O Rb8 13. Re1 Qe7 14. e4 Ne5 15. Nxe5
Bxe5 16. Qd2 Bd7 17. a5 Nc7 18. Bxe5 Qxe5 19. Rad1 g5 20. Bg4 Rbd8 21. Bxd7 Rxd7
22. Re3 Kh8 23. Rf3 h6 24. Rf5 Qg7 25. Re1 Re7 26. e5 Rfe8 27. Re3 Rxe5 28.
Rfxe5 Rxe5 29. Rxe5 Qxe5 30. g3 Ne8 31. Qd3 Nf6 32. Qf3 Kg7 33. Kg2 h5 34. Qd3
g4 35. hxg4 hxg4 36. Qc4 Qd4 37. Qb3 Nd7 38. Qxb7 Ne5 39. Qe7 Qd3 40. Qg5+ Qg6
41. Qxg6+ Kxg6 42. Ne4 Nc4 43. b3 Nxa5 44. Nxd6 Nxb3 45. Nb7 Kf5 46. Kf1 a5 47.
Ke2 a4 48. Kd3 a3 49. d6 Ke5 0-1

[Event "SportAccord Blitz Women 2012"]
[Site "Beijing CHN"]
[Date "2012.12.17"]
[Round "10.5"]
[White "Paehtz, Elisabeth"]
[Black "Zatonskih, Anna"]
[Result "0-1"]
[WhiteTitle "IM"]
[BlackTitle "IM"]
[WhiteElo "2482"]
[BlackElo "2489"]
[WhiteFideId "4641833"]
[BlackFideId "14101572"]
[EventDate "2012.12.16"]

1. b3 d5 2. Bb2 c6 3. e3 Nf6 4. Nf3 Bg4 5. h3 Bh5 6. Be2 Nbd7 7. c4 e6 8. Nc3
Bd6 9. d3 O-O 10. Qc2 Rc8 11. Rd1 Re8 12. g4 Bg6 13. Nh4 e5 14. Nxg6 hxg6 15.
Rd2 d4 16. Ne4 Nxe4 17. dxe4 Bb4 18. O-O dxe3 19. Rdd1 exf2+ 20. Kg2 Bc5 21. Bf3
Qe7 22. a3 a5 23. Bc3 Nf8 24. Bxa5 Ne6 25. Bc3 Nf4+ 26. Kg3 Qg5 27. h4 Nh5+ 28.
Kh3 Qf4 29. gxh5 Qxf3+ 30. Kh2 Qf4+ 31. Kh3 gxh5 32. Qe2 Rcd8 33. b4 Rxd1 34.
Rxd1 Be7 35. Kg2 Bxh4 36. Qf3 Qg4+ 37. Qxg4 hxg4 38. b5 cxb5 39. cxb5 f5 40.
exf5 Re7 41. Bd2 Rf7 42. Be3 Rxf5 43. a4 e4 44. Rf1 Kf7 45. Bxf2 Bxf2 46. Rxf2
Rxf2+ 47. Kxf2 Ke6 48. a5 Kd7 49. Ke3 g3 50. Ke2 g5 51. Kf1 e3 52. Kg2 e2 0-1

[Event "SportAccord Blitz Women 2012"]
[Site "Beijing CHN"]
[Date "2012.12.17"]
[Round "10.6"]
[White "Harika, Dronavalli"]
[Black "Khotenashvili, Bela"]
[Result "1/2-1/2"]
[WhiteTitle "GM"]
[BlackTitle "IM"]
[WhiteElo "2512"]
[BlackElo "2504"]
[WhiteFideId "5015197"]
[BlackFideId "13602640"]
[EventDate "2012.12.16"]

1. Nf3 Nf6 2. g3 c5 3. Bg2 g6 4. c4 Bg7 5. O-O O-O 6. d4 cxd4 7. Nxd4 Nc6 8. Nc3
Rb8 9. c5 Nxd4 10. Qxd4 b6 11. cxb6 Qxb6 12. Qxb6 Rxb6 13. Na4 Rb4 14. b3 d6 15.
Bd2 Rb8 16. Rac1 Bd7 17. Be3 a5 18. Bd2 Bxa4 19. bxa4 Rb2 20. Bxa5 Rxa2 21. Bc6
Ng4 22. Bb5 Bd4 23. Rc4 e5 24. e3 Nxe3 25. fxe3 Bxe3+ 26. Kh1 d5 27. Rc7 e4 28.
Bb4 Rb8 29. Rfxf7 Bd4 30. Rf1 e3 31. Re7 Rc8 32. Bd7 Rb8 33. Be6+ Kh8 34. Bxd5
Rf2 35. Rb1 e2 36. Bc4 Rf1+ 37. Rxf1 exf1=Q+ 38. Bxf1 Rxb4 39. a5 Ra4 40. a6 Ra2
41. Be2 Bc5 42. Re5 Bd4 43. Re4 Bc5 44. Kg2 Kg7 45. Kf3 Kf6 46. Rc4 Bg1 47. h4
Ra3+ 48. Kg2 Ba7 49. Rc7 Bd4 50. Rxh7 Be5 51. a7 Bd4 52. Bf3 Rxa7 53. Rxa7 Bxa7
54. g4 Kg7 55. Be4 Bd4 56. Kf3 Kf6 57. Kf4 Be5+ 58. Kf3 Bc3 59. Bd3 Be1 60. h5
gxh5 61. gxh5 Kg5 62. Bg6 1/2-1/2

[Event "SportAccord Blitz Women 2012"]
[Site "Beijing CHN"]
[Date "2012.12.17"]
[Round "11.3"]
[White "Khotenashvili, Bela"]
[Black "Cramling, Pia"]
[Result "1-0"]
[WhiteTitle "IM"]
[BlackTitle "GM"]
[WhiteElo "2504"]
[BlackElo "2516"]
[WhiteFideId "13602640"]
[BlackFideId "1700030"]
[EventDate "2012.12.16"]

1. b3 e5 2. Bb2 Nc6 3. e3 Nf6 4. Bb5 Bd6 5. Nf3 Qe7 6. h3 O-O 7. O-O e4 8. Ne1
Be5 9. Nc3 d5 10. d4 exd3 11. Nxd3 Bd6 12. Ne2 Ne5 13. Ndf4 c6 14. Bd3 g5 15.
Ng3 gxf4 16. exf4 Ng6 17. f5 Nf4 18. Qf3 Bd7 19. Rae1 Qd8 20. Ne2 Nxe2+ 21. Rxe2
h6 22. Qe3 Kh7 23. Qd4 Be7 24. Rfe1 c5 25. Qf4 Nh5 26. f6+ Kg8 27. Qxh6 Bxf6 28.
Qh7# 1-0

[Event "SportAccord Blitz Women 2012"]
[Site "Beijing CHN"]
[Date "2012.12.17"]
[Round "11.4"]
[White "Zatonskih, Anna"]
[Black "Harika, Dronavalli"]
[Result "1/2-1/2"]
[WhiteTitle "IM"]
[BlackTitle "GM"]
[WhiteElo "2489"]
[BlackElo "2512"]
[WhiteFideId "14101572"]
[BlackFideId "5015197"]
[EventDate "2012.12.16"]

1. e4 c5 2. d3 g6 3. g3 Bg7 4. Bg2 Nc6 5. f4 d6 6. Nf3 e6 7. O-O Nge7 8. c3 O-O
9. Be3 b6 10. a4 Ba6 11. Bf2 Rc8 12. Na3 h6 13. Re1 Kh7 14. Nb5 Qd7 15. d4 cxd4
16. Nfxd4 Nxd4 17. Nxd4 e5 18. fxe5 dxe5 19. Nc2 Rcd8 20. Qxd7 Rxd7 21. Nb4 Bb7
22. a5 Nc8 23. axb6 axb6 24. Red1 Rfd8 25. Rxd7 Rxd7 26. Be3 f5 27. exf5 gxf5
28. Bxb7 Rxb7 29. Ra8 Ne7 30. Kf2 Kg6 31. Ra6 Nc8 32. Ra8 Ne7 33. Ra6 Nc8 34.
Nd5 f4 35. gxf4 exf4 36. Nxf4+ Kf5 37. Ne2 Ke4 38. Ra1 Rf7+ 39. Nf4 Be5 40. Kg3
Rg7+ 41. Kf2 Rf7 42. Kg3 b5 43. Re1 Rg7+ 44. Kf2 Rf7 45. Kg3 Rg7+ 46. Kf2 1/2-1/2

[Event "SportAccord Blitz Women 2012"]
[Site "Beijing CHN"]
[Date "2012.12.17"]
[Round "11.5"]
[White "Hou, Yifan"]
[Black "Paehtz, Elisabeth"]
[Result "1-0"]
[WhiteTitle "GM"]
[BlackTitle "IM"]
[WhiteElo "2606"]
[BlackElo "2482"]
[WhiteFideId "8602980"]
[BlackFideId "4641833"]
[EventDate "2012.12.16"]

1. e4 e5 2. Nf3 Nc6 3. Nc3 Nf6 4. d4 exd4 5. Nxd4 Bb4 6. Nxc6 bxc6 7. Bd3 O-O 8.
O-O d5 9. exd5 cxd5 10. h3 c6 11. Qf3 Be7 12. Bf4 Be6 13. Rfe1 Re8 14. Ne2 Qb6
15. b3 Bf8 16. Rad1 c5 17. c3 a5 18. Bg5 Nd7 19. Nf4 Qd6 20. Bh4 h6 21. Bb1 Ne5
22. Qe3 Nc6 23. Qd3 g6 24. Nxg6 fxg6 25. Qxg6+ Bg7 26. Bf6 Qf8 27. Bxg7 Qxg7 28.
Rxe6 Ne7 29. Qh5 Rf8 30. Rxh6 Rae8 31. Bh7+ Kh8 32. Bg6+ Kg8 33. Bh7+ Kh8 34.
Bf5+ Kg8 35. Be6+ Rf7 36. Bxf7+ Qxf7 37. Rh8+ 1-0

[Event "SportAccord Blitz Women 2012"]
[Site "Beijing CHN"]
[Date "2012.12.17"]
[Round "11.7"]
[White "Danielian, Elina"]
[Black "Socko, Monika"]
[Result "1-0"]
[WhiteTitle "GM"]
[BlackTitle "GM"]
[WhiteElo "2476"]
[BlackElo "2445"]
[WhiteFideId "13300210"]
[BlackFideId "1106619"]
[EventDate "2012.12.16"]

1. d4 Nf6 2. Bg5 e6 3. Nd2 h6 4. Bf4 c5 5. c3 b6 6. e4 d6 7. Ngf3 Bb7 8. Bd3
Nbd7 9. Qe2 Qc7 10. Bg3 Nh5 11. a4 e5 12. dxe5 dxe5 13. Bc4 Nxg3 14. hxg3 Be7
15. Nf1 Nf6 16. N3d2 O-O 17. f3 a6 18. Kf2 b5 19. axb5 axb5 20. Rxa8 Rxa8 21.
Bxb5 Qb6 22. Ne3 Ra2 23. Rb1 g6 24. Qd3 c4 25. Bxc4 Rxb2 26. Rxb2 Qxb2 27. Kg1
Qc1+ 28. Kh2 Kg7 29. Nd5 Bxd5 30. Bxd5 Bc5 31. Nf1 Qe1 32. Qc4 Qf2 33. Kh3 Qg1
34. Nh2 Nxd5 35. Qxd5 Bf2 36. Qxe5+ Kh7 37. Qf6 Kg8 38. e5 Qh1 39. e6 fxe6 40.
Qxg6+ Kf8 41. Qxh6+ Ke7 42. Kg4 Qb1 43. Qg5+ Kd7 44. Qd2+ Ke7 45. Qg5+ Kd7 46.
Kh3 Qh7+ 47. Kg4 Qxh2 48. Qd2+ Ke7 49. Qxf2 Qh6 50. Qc5+ Kf7 51. Qc7+ Kf8 52.
Qf4+ 1-0

[Event "SportAccord Blitz Women 2012"]
[Site "Beijing CHN"]
[Date "2012.12.17"]
[Round "11.8"]
[White "Cmilyte, Viktorija"]
[Black "Muzychuk, Anna"]
[Result "0-1"]
[WhiteTitle "GM"]
[BlackTitle "GM"]
[WhiteElo "2524"]
[BlackElo "2586"]
[WhiteFideId "12801259"]
[BlackFideId "14111330"]
[EventDate "2012.12.16"]

1. d4 f5 2. Nf3 Nf6 3. g3 g6 4. Bg2 Bg7 5. O-O O-O 6. c4 d6 7. Nc3 Nc6 8. d5 Na5
9. Qa4 c5 10. dxc6 Nxc6 11. Qc2 Kh8 12. Re1 Be6 13. b3 Rc8 14. Bb2 Qa5 15. Ng5
Bg8 16. Qd2 h6 17. Nh3 g5 18. Rad1 Rfd8 19. f4 g4 20. Nf2 e5 21. e4 exf4 22.
gxf4 fxe4 23. Ncxe4 Qxd2 24. Rxd2 Nxe4 25. Bxg7+ Kxg7 26. Bxe4 h5 27. Bxc6 bxc6
28. Re7+ Kf6 29. Rxa7 Re8 30. Rxd6+ Re6 31. Ne4+ Kf5 32. Rxe6 Kxe6 33. f5+ Ke5
34. Re7+ Kf4 35. f6 Rd8 36. Ng3 h4 37. Ne2+ Kf3 38. Nc3 Rf8 39. Re1 Bh7 40. a4
Bd3 41. Rd1 Bc2 42. Rf1+ Ke3 43. b4 Bd3 44. Ra1 Bxc4 45. Nd1+ Kf4 46. Nb2 Ba6
47. Rd1 Rxf6 48. Nd3+ Bxd3 49. Rxd3 Re6 50. Kf2 Re4 51. Rb3 Rc4 52. b5 Rxa4 53.
b6 Ra2+ 54. Ke1 Ra8 55. Rb4+ Kf3 56. Rb3+ Kg2 57. Rb2+ Kg1 58. Ke2 Kxh2 59. Ke3+
Kh3 60. Kf4 g3 61. b7 Rb8 62. Rb3 Kh2 63. Kg4 g2 64. Rb2 Kh1 0-1

[Event "SportAccord Blitz Women 2012"]
[Site "Beijing CHN"]
[Date "2012.12.17"]
[Round "12.1"]
[White "Zhao, Xue"]
[Black "Muzychuk, Anna"]
[Result "0-1"]
[WhiteTitle "GM"]
[BlackTitle "GM"]
[WhiteElo "2565"]
[BlackElo "2586"]
[WhiteFideId "8601283"]
[BlackFideId "14111330"]
[EventDate "2012.12.16"]

1. c4 f5 2. Nc3 Nf6 3. g3 g6 4. Bg2 Bg7 5. d3 e5 6. e4 O-O 7. Nge2 d6 8. O-O Nc6
9. Rb1 h6 10. b4 Ne7 11. d4 c6 12. d5 cxd5 13. cxd5 g5 14. exf5 Bxf5 15. Rb3 Rc8
16. Be3 a6 17. a4 Qd7 18. a5 Rc4 19. b5 axb5 20. Rxb5 Rfc8 21. Qb3 Rxc3 22. Nxc3
Rxc3 23. Qxc3 Qxb5 24. Qc7 Nexd5 25. Qd8+ Kh7 26. Ba7 Nc3 27. Qb6 e4 28. Qxb5
Nxb5 29. Be3 d5 30. Rb1 Bd7 31. Bf1 Nd6 32. Bc5 Nfe8 33. Rb6 Be5 34. Be2 d4 35.
Bh5 d3 36. Bxe8 Bxe8 37. Bxd6 d2 38. Rxb7+ Kg6 39. Rb1 Bxd6 40. a6 Bc5 41. Kf1
Bb5+ 42. Kg2 Ba4 0-1

[Event "SportAccord Blitz Women 2012"]
[Site "Beijing CHN"]
[Date "2012.12.17"]
[Round "12.2"]
[White "Socko, Monika"]
[Black "Cmilyte, Viktorija"]
[Result "1/2-1/2"]
[WhiteTitle "GM"]
[BlackTitle "GM"]
[WhiteElo "2445"]
[BlackElo "2524"]
[WhiteFideId "1106619"]
[BlackFideId "12801259"]
[EventDate "2012.12.16"]

1. d4 Nf6 2. c4 g6 3. d5 c5 4. Nc3 Bg7 5. e4 d6 6. f4 O-O 7. Nf3 e6 8. Be2 exd5
9. cxd5 Re8 10. e5 dxe5 11. fxe5 Ng4 12. O-O Nxe5 13. Bf4 Nxf3+ 14. Bxf3 Nd7 15.
d6 Ne5 16. Bd5 Bf5 17. Bg3 Qd7 18. Ne4 Bxe4 19. Bxe4 Nc6 20. Bd5 Rf8 21. Qd3 Nb4
22. Qc4 Bd4+ 23. Kh1 Nxd5 24. Qxd5 Rae8 25. Rae1 b6 26. b3 Kg7 27. h3 Re6 28.
Rd1 Rfe8 29. b4 Be5 30. Bxe5+ Rxe5 31. Qd2 cxb4 32. Qxb4 R8e6 33. Rd3 Re2 34.
Qc3+ f6 35. Rfd1 Re8 36. Rf3 R2e6 37. Qd4 Rd8 38. Rfd3 Rc8 39. Qd5 Rc5 40. Qa8
Rc8 41. Qd5 Rc5 42. Qa8 Rc8 1/2-1/2

[Event "SportAccord Blitz Women 2012"]
[Site "Beijing CHN"]
[Date "2012.12.17"]
[Round "12.3"]
[White "Koneru, Humpy"]
[Black "Danielian, Elina"]
[Result "1-0"]
[WhiteTitle "GM"]
[BlackTitle "GM"]
[WhiteElo "2610"]
[BlackElo "2476"]
[WhiteFideId "5008123"]
[BlackFideId "13300210"]
[EventDate "2012.12.16"]

1. d4 Nf6 2. Nf3 c5 3. d5 e6 4. c4 exd5 5. cxd5 d6 6. Nc3 g6 7. Bf4 Na6 8. e3
Nc7 9. h3 a6 10. a4 Bg7 11. Be2 O-O 12. O-O Rb8 13. a5 b5 14. axb6 Rxb6 15. Qc2
Re8 16. Bc4 Rb4 17. b3 Bf5 18. Qd2 Ne4 19. Nxe4 Bxe4 20. Ra4 Bxf3 21. gxf3 Rxa4
22. bxa4 Be5 23. Bxe5 Rxe5 24. Rb1 Qg5+ 25. Kh2 Qh4 26. f4 Rh5 27. Bf1 Rxd5 28.
Rb8+ Kg7 29. Qb2+ Kh6 30. Rb7 Rd1 31. Bg2 Ne6 32. Rxf7 c4 33. f5 c3 34. Qxc3
Qxf2 35. fxe6 Qg1+ 36. Kg3 Qe1+ 37. Qxe1 Rxe1 38. e7 1-0

[Event "SportAccord Blitz Women 2012"]
[Site "Beijing CHN"]
[Date "2012.12.17"]
[Round "12.6"]
[White "Cramling, Pia"]
[Black "Zatonskih, Anna"]
[Result "0-1"]
[WhiteTitle "GM"]
[BlackTitle "IM"]
[WhiteElo "2516"]
[BlackElo "2489"]
[WhiteFideId "1700030"]
[BlackFideId "14101572"]
[EventDate "2012.12.16"]

1. d4 d5 2. Bf4 c5 3. e3 Nc6 4. c3 Qb6 5. Qb3 c4 6. Qc2 Bf5 7. Qxf5 Qxb2 8. Qxd5
Qxa1 9. Qb5 O-O-O 10. Bxc4 e5 11. Ne2 exf4 12. O-O a6 13. Qb6 Bd6 14. Nd2 Bc7
15. Qb3 Na5 16. Qc2 Qxf1+ 17. Kxf1 Nxc4 18. Nxc4 fxe3 19. fxe3 Nf6 20. e4 Rhe8
21. e5 Nd5 22. Qd3 f6 23. Qh3+ Kb8 24. e6 g5 25. Kf2 f5 26. Ng3 Rxe6 27. Nxf5
Rf6 28. g4 h6 29. Kg1 Nf4 30. Qf3 Re8 31. Nce3 Rb6 32. Ng3 Nh3+ 33. Kg2 Nf4+ 34.
Kg1 Rb2 35. d5 Bb6 36. Kh1 Rxe3 37. Qf1 Rxc3 38. d6 Rd2 39. Ne4 Rcd3 40. Nxd2
Rxd2 41. Qe1 Rxd6 42. Qe8+ Ka7 43. Qe4 Rc6 44. Qe1 Re6 45. Qd1 Re3 46. Qc1 Rf3
47. Qd1 Rf2 48. a4 Rg2 49. a5 Rg1+ 50. Qxg1 Bxg1 51. Kxg1 b6 0-1

[Event "SportAccord Blitz Women 2012"]
[Site "Beijing CHN"]
[Date "2012.12.17"]
[Round "12.7"]
[White "Lahno, Kateryna"]
[Black "Khotenashvili, Bela"]
[Result "1-0"]
[WhiteTitle "GM"]
[BlackTitle "IM"]
[WhiteElo "2553"]
[BlackElo "2504"]
[WhiteFideId "14109336"]
[BlackFideId "13602640"]
[EventDate "2012.12.16"]

1. c4 e5 2. g3 g6 3. d4 Bg7 4. dxe5 Bxe5 5. Nf3 Bg7 6. Bg2 Nc6 7. O-O Nge7 8.
Nc3 d6 9. Nd5 O-O 10. Bg5 f6 11. Bd2 Ne5 12. Nxe5 dxe5 13. Bb4 Nxd5 14. Bxf8
Qxf8 15. Qxd5+ Kh8 16. Rfd1 Bg4 17. Bf3 c6 18. Qd3 Be6 19. Bg2 Qf7 20. Rac1 Bf8
21. Qe3 Bxc4 22. b3 Be6 23. h4 h5 24. Kh2 Kh7 25. Qc3 Re8 26. e4 Rc8 27. Bh3
Bxh3 28. Kxh3 Qe6+ 29. Kg2 Be7 30. Qc4 Qxc4 31. Rxc4 Rc7 32. f4 Kg7 33. Kf3 Kf7
34. f5 gxf5 35. exf5 b5 36. Rc2 c5 37. g4 hxg4+ 38. Kxg4 Bf8 39. Kf3 a5 40. Ke4
Ra7 41. h5 a4 42. Rh1 axb3 43. axb3 Rd7 44. h6 Rd4+ 45. Ke3 Rb4 46. h7 Rxb3+ 47.
Ke4 Rb4+ 48. Kd5 Rd4+ 49. Kc6 Bg7 50. Rg2 1-0

[Event "SportAccord Blitz Women 2012"]
[Site "Beijing CHN"]
[Date "2012.12.17"]
[Round "13.3"]
[White "Zatonskih, Anna"]
[Black "Lahno, Kateryna"]
[Result "1-0"]
[WhiteTitle "IM"]
[BlackTitle "GM"]
[WhiteElo "2489"]
[BlackElo "2553"]
[WhiteFideId "14101572"]
[BlackFideId "14109336"]
[EventDate "2012.12.16"]

1. e4 c5 2. Nf3 e6 3. d3 Nc6 4. g3 Bd6 5. Bg2 Bc7 6. d4 cxd4 7. Nxd4 d6 8. Nb5
Bb8 9. Bf4 e5 10. Be3 Nf6 11. O-O O-O 12. c4 a6 13. N5c3 Ba7 14. Nd5 Bxe3 15.
fxe3 Nxd5 16. exd5 Ne7 17. e4 Qb6+ 18. Rf2 f5 19. Qb3 Qd4 20. Nc3 fxe4 21. Nxe4
Bf5 22. Rd1 Qa7 23. Nxd6 Bg4 24. Rd2 Rxf2 25. Rxf2 Rf8 26. Ne4 Qd4 27. Qc3 Qd1+
28. Rf1 Rxf1+ 29. Bxf1 Be2 30. Nd2 Nf5 31. Qxe5 Nd6 32. Qxe2 Qc2 33. Qe6+ Kh8
34. Qxd6 h6 35. Qf4 Qxb2 36. Qf8+ 1-0

[Event "SportAccord Blitz Women 2012"]
[Site "Beijing CHN"]
[Date "2012.12.17"]
[Round "13.4"]
[White "Hou, Yifan"]
[Black "Cramling, Pia"]
[Result "0-1"]
[WhiteTitle "GM"]
[BlackTitle "GM"]
[WhiteElo "2606"]
[BlackElo "2516"]
[WhiteFideId "8602980"]
[BlackFideId "1700030"]
[EventDate "2012.12.16"]

1. e4 c5 2. Nf3 a6 3. c4 e6 4. Nc3 Qc7 5. Be2 b6 6. d4 cxd4 7. Nxd4 Bb7 8. Be3
Nf6 9. f3 d6 10. O-O Be7 11. a4 Nc6 12. Rc1 Ne5 13. b3 O-O 14. Kh1 Rac8 15. Qe1
Rfe8 16. Qf2 Qb8 17. Rfd1 g6 18. h3 Ned7 19. Nc2 d5 20. exd5 exd5 21. Nxd5 Nxd5
22. cxd5 Bd6 23. Nd4 Rxc1 24. Bxc1 Bc5 25. Bc4 Nf6 26. b4 Bxb4 27. Qb2 Bc5 28.
Nc6 Qd6 29. Qb3 Nh5 30. f4 Bf2 31. Bb2 Ng3+ 32. Kh2 Qxf4 33. Be5 Rxe5 0-1

[Event "SportAccord Blitz Women 2012"]
[Site "Beijing CHN"]
[Date "2012.12.17"]
[Round "13.6"]
[White "Danielian, Elina"]
[Black "Paehtz, Elisabeth"]
[Result "0-1"]
[WhiteTitle "GM"]
[BlackTitle "IM"]
[WhiteElo "2476"]
[BlackElo "2482"]
[WhiteFideId "13300210"]
[BlackFideId "4641833"]
[EventDate "2012.12.16"]

1. d4 g6 2. Nf3 Bg7 3. e4 d6 4. c3 Nf6 5. Bd3 O-O 6. O-O Nc6 7. Re1 Bg4 8. Nbd2
e5 9. h3 Bd7 10. Nf1 Nh5 11. Bc4 Qe7 12. Bg5 Qe8 13. dxe5 Nxe5 14. Nxe5 dxe5 15.
f3 h6 16. Bh4 Bf6 17. Bxf6 Nxf6 18. Qd2 Kg7 19. Qf2 Qe7 20. b4 Nh5 21. Kh2 Nf4
22. Red1 Be6 23. Ne3 Rfd8 24. Bf1 c6 25. g3 Nh5 26. a4 Bb3 27. Rxd8 Rxd8 28. Bc4
Bxc4 29. Nxc4 Rd3 30. Rc1 b5 31. axb5 cxb5 32. Ne3 Qg5 33. Nf1 Qxc1 0-1

[Event "SportAccord Blitz Women 2012"]
[Site "Beijing CHN"]
[Date "2012.12.17"]
[Round "13.7"]
[White "Cmilyte, Viktorija"]
[Black "Koneru, Humpy"]
[Result "1/2-1/2"]
[WhiteTitle "GM"]
[BlackTitle "GM"]
[WhiteElo "2524"]
[BlackElo "2610"]
[WhiteFideId "12801259"]
[BlackFideId "5008123"]
[EventDate "2012.12.16"]

1. d4 e6 2. c4 c5 3. d5 exd5 4. cxd5 d6 5. Nc3 a6 6. a4 Ne7 7. g3 Ng6 8. Bg2 Be7
9. Nh3 O-O 10. Nf4 Re8 11. Nxg6 hxg6 12. O-O Nd7 13. Rb1 Qc7 14. b3 Rb8 15. Bb2
b5 16. axb5 axb5 17. Ne4 Nf6 18. Ng5 Nh7 19. Nxh7 Kxh7 20. Qc2 Bf6 21. Ra1 Bf5
22. Qd2 Bxb2 23. Qxb2 Ra8 24. Rxa8 Rxa8 25. e4 Bd7 26. Re1 f6 27. h4 Qa5 28. Rb1
Qa2 29. Bf3 Qxb2 30. Rxb2 Ra1+ 31. Kg2 Kg8 32. Be2 Kf7 33. Kf3 Ra3 34. Ke3 Ke7
35. Kd2 Kd8 36. Kc2 Kc7 37. Bd3 Kb6 38. f4 Ra1 39. Rb1 Ra2+ 40. Rb2 Ra1 41. Rb1
Ra2+ 42. Rb2 Ra1 43. Rb1 Ra2+ 44. Rb2 1/2-1/2

[Event "SportAccord Blitz Women 2012"]
[Site "Beijing CHN"]
[Date "2012.12.17"]
[Round "13.8"]
[White "Muzychuk, Anna"]
[Black "Socko, Monika"]
[Result "1-0"]
[WhiteTitle "GM"]
[BlackTitle "GM"]
[WhiteElo "2586"]
[BlackElo "2445"]
[WhiteFideId "14111330"]
[BlackFideId "1106619"]
[EventDate "2012.12.16"]

1. f4 d5 2. Nf3 Nf6 3. g3 g6 4. Bg2 Bg7 5. O-O O-O 6. d3 b6 7. e3 Bb7 8. Nc3 c5
9. Qe2 d4 10. Nb5 a6 11. Na3 dxe3 12. Bxe3 Nc6 13. c3 Qc7 14. Nc4 Rad8 15. a4
Rfe8 16. Nfe5 Nd5 17. Bd2 b5 18. axb5 axb5 19. Nxc6 Bxc6 20. Ne5 Bb7 21. c4 bxc4
22. dxc4 Nb6 23. Ra7 Rb8 24. Nc6 Nc8 25. Ba5 Qd6 26. Rd1 Bd4+ 27. Nxd4 Nxa7 28.
Nb5 Qa6 29. Nc7 Qxa5 30. Nxe8 Bxg2 31. Qxe7 Nc6 32. Nf6+ Kg7 33. Ne8+ Rxe8 34.
Qxe8 Bf3 35. Rd7 Qa1+ 36. Kf2 Qxb2+ 37. Kxf3 Nd4+ 38. Kg4 h5+ 39. Kh3 1-0

[Event "SportAccord Blitz Women 2012"]
[Site "Beijing CHN"]
[Date "2012.12.17"]
[Round "14.1"]
[White "Zhao, Xue"]
[Black "Socko, Monika"]
[Result "0-1"]
[WhiteTitle "GM"]
[BlackTitle "GM"]
[WhiteElo "2565"]
[BlackElo "2445"]
[WhiteFideId "8601283"]
[BlackFideId "1106619"]
[EventDate "2012.12.16"]

1. d4 Nf6 2. c4 e6 3. Nf3 b6 4. g3 Bb7 5. Bg2 c5 6. d5 exd5 7. Ng5 h6 8. Nh3 b5
9. cxd5 d6 10. O-O Be7 11. e4 Nbd7 12. f4 O-O 13. Nf2 Re8 14. Re1 Bf8 15. a4 a6
16. Be3 Nb6 17. Nc3 b4 18. Nb1 Nc4 19. Bc1 a5 20. b3 Nb6 21. Nd2 Ba6 22. Bb2 c4
23. bxc4 Nxc4 24. Nxc4 Bxc4 25. Qd4 Rc8 26. Rec1 Ba6 27. e5 Nd7 28. e6 Rxc1+ 29.
Rxc1 Nc5 30. Re1 Nxa4 31. Ba1 Nc5 32. f5 b3 33. Bb2 a4 34. Ra1 Qa5 35. Ng4 Nd3
36. Nxh6+ Kh7 37. Nxf7 Qc5 38. Kh1 Qxd4 39. Bxd4 b2 40. Bxb2 Nxb2 41. Be4 Kg8
42. Ra2 Rb8 43. g4 Bc4 44. Ra1 Rb5 45. Kg2 Bxd5 46. Bxd5 Rxd5 47. Ra2 Rb5 48.
Kf3 Be7 49. h3 d5 50. Ne5 d4 51. Nc6 Bf6 52. Ke2 Rb3 53. Kd2 a3 54. Na5 Rb5 55.
Nc6 Nc4+ 56. Kd1 d3 0-1